Livre des morts des anciens égyptiens.

محفوظ في:

مؤلفون آخرون: Kolpaktchy, Grégoire.

التنسيق: كتاب

اللغة: French

منشور في: Paris : Stock, 1978.

سلاسل: Stock Plus.

الموضوعات:

الوسوم: إضافة وسم

لا توجد وسوم, كن أول من يضع وسما على هذه التسجيلة!

رقم الطلب: PJ1555 .F7 K6 1978

LEADER 00612nam a22002297a 4500
003 OSt
005 20251020121522.0
008 251020t1978 fr a 000 0 fre d
040 |c ARCE Library 
050 1 4 |a PJ1555 .F7  |b K6 1978 
130 0 |a Book of the dead. 
245 1 0 |a Livre des morts des anciens égyptiens. 
264 1 |a Paris :   |b Stock,   |c 1978. 
300 |a 326 p. :   |b ill. ;   |c 18 cm. 
490 0 |a Stock Plus. 
650 0 |a Future life. 
650 0 |a Incantations, Egyptian. 
651 0 |a Egypt -- Religion. 
700 1 |a Kolpaktchy, Grégoire. 
901 |a reviewed 
942 |2 lcc  |c BK 
999 |c 50145  |d 50145